000 01551 a2200205 4500
001 228
005 20260407155415.0
008 260407a2008 arg spa d
003 AR-UNSa-BCEJYS
040 _aAR-UNSa-BCEJYS
_bspa
_cAR-UNSa-BCEJYS
080 _a351.72
_xFinanzas públicas. Legislación (Contabilidad Pública, Administración financiera...)
245 1 0 _aCuestiones de contabilidad gubernamental y sus incógnitas
_paspectos teóricos para la recomendación técnica sector público Nº 1 FACPCE y guía comparativa de la RT 16 y la RTSP Nº1
020 _a978-987-1140-92-3
264 1 _aBuenos Aires :
_bOsmar D. Buyatti
_c2008
300 _a294 p.
_c22 cm
505 _a1. El estado contemporáneo y la hacienda pública en el marco de la globalización - 2. La hacienda pública y el complejo económico administrativo - 3. La hacienda pública desde un enfoque de sistemas - 4. El sector público ¿nuevo habitante del estado o el estado habita en él? - 5. Las empresas públicas. Su rol protagónico en el estado de bienestar - 6. El presupuesto - 7. Los manipuleos presupuestarios y sus repercusiones - 8. Aproximación a los resultados presupuestarios - 9. Introducción al análisis del presupuesto de la administración general - 10. Una aproximación al análisis del estado de movimientos y situación del tesoro de la administración central del estado nacional - 11. Reflexiones sobre el sistema de crédito público
942 _cBK
590 _aniveau_biblio:m niveau_hierar:0
100 1 _aCortés de Trejo, Lea Cristina
999 _c143
_d143